GRE Engineering Test (Record no. 298478)

000 -LEADER
fixed length control field 00233 a2200109 4500
001 - CONTROL NUMBER
control field 63405
082 ## - DEWEY DECIMAL CLASSIFICATION NUMBER
Classification number 378.1662 FOG
090 ## - LOCALLY ASSIGNED LC-TYPE CALL NUMBER (OCLC); LOCAL CALL NUMBER (RLIN)
-- 37459
-- 37459
100 ## - MAIN ENTRY--PERSONAL NAME
Personal name Fogiel, M
245 ## - TITLE STATEMENT
Title GRE Engineering Test
Medium English
260 ## - PUBLICATION, DISTRIBUTION, ETC.
Name of publisher, distributor, etc. REA
942 ## - ADDED ENTRY ELEMENTS (KOHA)
Institution code [OBSOLETE] CAE NUST
Call number prefix 378.1662 FOG
Holdings
Withdrawn status Lost status Damaged status Not for loan Collection code Permanent Location Current Location Date acquired Total Checkouts Full call number Barcode Date last seen Price effective from Koha item type
          College of Aeronautical Engineering (CAE) College of Aeronautical Engineering (CAE) 04/03/2017   378.1662 FOG CAEG-5489 04/05/2017 04/05/2017 Book
© 2023 Central Library, National University of Sciences and Technology. All Rights Reserved.